000 01035nam a22003017a 4500
003 CHAP
005 20220329135804.0
008 971013s1935 r 00010 d
010 _a42171
011 _a43143
035 _a47279
040 _cCHAP
082 _a352.072 M47 1934
_bSup. 1
110 _aMéxico. Dirección General de Estadística
_976986
245 _aDivisión municipal de las entidades federativas. 1934
_b: suplemento núm. 1
260 _aMéxico, D.F. :
_bLa Dirección,
_c1935
300 _a22 p
590 _aBATCH-UPD
_b10
_c20130110
_lUCH01
_h0139
590 _aBATCH-UPD
_b10
_c20130110
_lUCH01
_h2200
590 _aBATCH-UPD
_b10
_c20130410
_lUCH01
_h1508
590 _aBATCH-UPD
_b10
_c20130914
_lUCH01
_h0943
590 _aCONVERSION
_b10
_c20130109
_lUCH01
_h1323
650 1 4 _aCiudades y pueblos
_xAguascalientes.
_923508
650 1 4 _aMéxico
_xDivisiones administrativas y políticas.
_976741
901 _aBK
942 _cLIBRO
949 _a352.072 M47 1934 Sup. 1
_bBC
_cBPP
_d-107479
_eBPP
_h6939
_i47279
_si
999 _c42171
_d42171